[Event "8th HD Bank Cup 2018"]
[Site "Hanoi VIE"]
[Date "2018.03.13"]
[Round "6.8"]
[White "Nguyen, Duc Hoa"]
[Black "Rozum, Ivan"]
[Result "0-1"]
[WhiteTitle "GM"]
[BlackTitle "GM"]
[WhiteElo "2463"]
[BlackElo "2582"]
[WhiteFideId "12401358"]
[BlackFideId "24104272"]
[EventDate "2018.03.10"]

1. Nf3 Nf6 2. c4 b6 3. d3 c5 4. Nc3 g6 5. g3 Bg7 6. Bg2 Bb7 7. e4 d6 8. O-O O-O
9. Rb1 Nc6 10. a3 Nd7 11. Ne1 e6 12. Bd2 Nd4 13. b4 f5 14. Nc2 Ne5 15. Nxd4 cxd4
16. Nb5 fxe4 17. Nxd4 Nf3+ 18. Nxf3 exf3 19. Bh3 e5 20. Re1 h5 21. Qc2 Bc8 22.
Bf1 Be6 23. Re3 Qd7 24. Qd1 Qf7 25. Bc3 Rac8 26. b5 h4 27. Bb4 hxg3 28. hxg3
Rcd8 29. Re4 g5 30. g4 Qg6 31. Bh3 Bc8 32. Qb3 Rf7 33. Kh2 Bb7 34. Re3 e4 35.
Bc3 Bxc3 36. Qxc3 Rh7 37. dxe4 Rxh3+ 38. Kxh3 Qh6+ 39. Kg3 Rf8 40. Rxf3 Qh4+ 41.
Kg2 Bxe4 0-1

[Event "8th HD Bank Cup 2018"]
[Site "Hanoi VIE"]
[Date "2018.03.13"]
[Round "6.9"]
[White "Bui, Vinh"]
[Black "Pichot, Alan"]
[Result "1/2-1/2"]
[WhiteTitle "GM"]
[BlackTitle "GM"]
[WhiteElo "2400"]
[BlackElo "2558"]
[WhiteFideId "12400726"]
[BlackFideId "110973"]
[EventDate "2018.03.10"]

1. d4 d5 2. Bf4 c5 3. e3 Nf6 4. Nf3 Nc6 5. c3 e6 6. Nbd2 cxd4 7. exd4 Nh5 8. Be3
Bd6 9. Ne5 Nf6 10. f4 Qb6 11. Qb3 O-O 12. Qxb6 axb6 13. Be2 Ne8 14. O-O Nc7 15.
a3 f6 16. Nd3 Bd7 17. Rae1 Rae8 18. Nf3 Na5 19. Bc1 Nb3 20. Be3 Na5 21. Rf2 Nc4
22. Bc1 1/2-1/2

[Event "8th HD Bank Cup 2018"]
[Site "Hanoi VIE"]
[Date "2018.03.13"]
[Round "6.10"]
[White "Krysa, Leandro"]
[Black "Zou, Chen"]
[Result "1/2-1/2"]
[WhiteTitle "GM"]
[BlackTitle "FM"]
[WhiteElo "2548"]
[BlackElo "2291"]
[WhiteFideId "116807"]
[BlackFideId "8610959"]
[EventDate "2018.03.10"]

1. d4 Nf6 2. c4 e6 3. Nf3 d5 4. Nc3 Bb4 5. cxd5 exd5 6. Bg5 h6 7. Bh4 O-O 8. e3
Bf5 9. Rc1 Nbd7 10. Qb3 Bxc3+ 11. Rxc3 c6 12. Nd2 Qe8 13. f3 Qe6 14. Be2 b6 15.
O-O c5 16. Re1 c4 17. Nxc4 dxc4 18. Bxc4 Qd6 19. Bg3 Qe7 20. e4 Be6 21. d5 Nc5
22. Qa3 Bd7 23. d6 Qd8 24. Bh4 g5 25. Bf2 a5 26. Bxc5 bxc5 27. Qxc5 Rb8 28. Qc7
Ne8 29. Qxd8 Rxd8 30. e5 Ng7 31. g3 Be6 32. f4 Bxc4 33. Rxc4 f6 34. b3 gxf4 35.
gxf4 Ne6 36. Ra4 Rd7 37. Re3 fxe5 38. fxe5 Rdf7 39. Rh4 1/2-1/2

[Event "8th HD Bank Cup 2018"]
[Site "Hanoi VIE"]
[Date "2018.03.13"]
[Round "6.11"]
[White "Tran, Minh Thang"]
[Black "Vishnu Prasanna, V"]
[Result "1/2-1/2"]
[WhiteTitle "IM"]
[BlackTitle "GM"]
[WhiteElo "2366"]
[BlackElo "2526"]
[WhiteFideId "12401080"]
[BlackFideId "5030692"]
[EventDate "2018.03.10"]

1. d4 Nf6 2. Bf4 e6 3. e3 d5 4. Nd2 Bd6 5. Bg3 O-O 6. Bd3 c5 7. c3 Qc7 8. Ngf3
Nbd7 9. Rc1 e5 10. dxe5 Nxe5 11. Nxe5 Bxe5 12. Bxe5 Qxe5 13. Nf3 Qe7 14. h3 Rd8
15. O-O b6 16. Qa4 Rd6 17. Rfd1 a5 18. Qf4 Bb7 19. Nh4 g6 20. Qg5 Kh8 21. Rd2
Rad8 22. Rcd1 Bc6 23. Nf3 Kg7 24. Nh4 Kh8 25. Nf3 d4 26. cxd4 Bxf3 27. gxf3 Rd5
28. Qh4 cxd4 29. Be4 g5 30. Qh6 R5d6 31. Bf5 dxe3 32. Rxd6 Rxd6 33. Rxd6 Qxd6
34. Kf1 exf2 35. Qxg5 Qe5 36. Kxf2 Qxb2+ 37. Kg3 Qe5+ 38. Kf2 b5 39. h4 b4 40.
Bc2 Qb2 41. Kg3 Qd4 42. Qxa5 Qg1+ 43. Kh3 Qf1+ 44. Kg3 Qe1+ 45. Kh3 Qf1+ 46. Kg3
Qg1+ 47. Kh3 Qh1+ 48. Kg3 Qe1+ 49. Kh3 Qh1+ 1/2-1/2

[Event "8th HD Bank Cup 2018"]
[Site "Hanoi VIE"]
[Date "2018.03.13"]
[Round "6.12"]
[White "Mithil, Ajgaonkar"]
[Black "Saduakassova, Dinara"]
[Result "1/2-1/2"]
[BlackTitle "IM"]
[WhiteElo "2222"]
[BlackElo "2479"]
[WhiteFideId "5017343"]
[BlackFideId "13700090"]
[EventDate "2018.03.10"]

1. d4 Nf6 2. c4 e6 3. Nf3 c5 4. e3 d5 5. cxd5 exd5 6. Bb5+ Nc6 7. O-O a6 8.
Bxc6+ bxc6 9. dxc5 Bxc5 10. Qc2 Qd6 11. Nbd2 O-O 12. b3 Bg4 13. Bb2 Ba3 14. Bxa3
Qxa3 15. Qxc6 Rac8 16. Qa4 Qxa4 17. bxa4 Rc2 18. Rfc1 Rfc8 19. Nb3 Bxf3 20. gxf3
g6 21. Kf1 1/2-1/2

[Event "8th HD Bank Cup 2018"]
[Site "Hanoi VIE"]
[Date "2018.03.13"]
[Round "6.13"]
[White "Lu, Chan Hung"]
[Black "Karthikeyan, P."]
[Result "0-1"]
[WhiteTitle "IM"]
[BlackTitle "IM"]
[WhiteElo "2181"]
[BlackElo "2473"]
[WhiteFideId "12402508"]
[BlackFideId "5018226"]
[EventDate "2018.03.10"]

1. c4 c5 2. Nc3 Nf6 3. g3 d5 4. cxd5 Nxd5 5. Bg2 Nc7 6. Nf3 Nc6 7. O-O e5 8. d3
Be7 9. Be3 O-O 10. Na4 b6 11. Rc1 Bd7 12. h4 Rc8 13. Nc3 Ne6 14. Nd5 Bd6 15. Ng5
Ned4 16. Bxd4 exd4 17. e4 f6 18. Nh3 Ne5 19. f4 Ng4 20. f5 Ne3 21. Nxe3 dxe3 22.
Rf3 Be5 23. Kh2 Be8 24. Rxe3 Qd4 25. Qd2 Qxb2 26. Re2 Qxd2 27. Rxd2 Rd8 28. Nf4
Bxf4 29. gxf4 Bb5 30. d4 Rxd4 31. Rxd4 cxd4 32. e5 Rd8 33. e6 d3 34. Rc7 d2 35.
Bd5 d1=Q 0-1

[Event "8th HD Bank Cup 2018"]
[Site "Hanoi VIE"]
[Date "2018.03.13"]
[Round "6.14"]
[White "Tu, Hoang Thong"]
[Black "Sethuraman, S.P."]
[Result "0-1"]
[WhiteTitle "GM"]
[BlackTitle "GM"]
[WhiteElo "2414"]
[BlackElo "2649"]
[WhiteFideId "12400076"]
[BlackFideId "5021596"]
[EventDate "2018.03.10"]

1. e4 c5 2. f4 Nc6 3. Nf3 e6 4. Bb5 Nge7 5. b3 a6 6. Bxc6 Nxc6 7. Bb2 Be7 8. O-O
O-O 9. Ne5 Nb8 10. Qg4 f6 11. Nf3 Nc6 12. Nc3 d5 13. e5 f5 14. Qh5 d4 15. Nd1 b5
16. Nf2 Bb7 17. Ng5 Bxg5 18. Qxg5 Qd5 19. Nh3 Nb4 20. Rf3 Nxc2 21. Rg3 Qd7 22.
Rc1 d3 23. Qh5 Rfd8 24. Ng5 h6 25. Nh3 Kf8 26. Qg6 Qf7 27. Qh7 Qg8 28. Qg6 Bc6
29. Qh5 Qf7 30. Qh4 c4 31. Nf2 a5 32. bxc4 bxc4 33. Nd1 Rdb8 34. Bc3 Nb4 35. Ra1
Qa7+ 36. Kh1 Nd5 37. Bb2 Rxb2 38. Nxb2 Qd4 39. Rb1 Rb8 40. h3 Qxf4 41. Qxf4 Nxf4
42. Kh2 Ne2 43. Re3 f4 44. Nxd3 Rxb1 45. Rxe2 cxd3 46. Rf2 g5 0-1

[Event "8th HD Bank Cup 2018"]
[Site "Hanoi VIE"]
[Date "2018.03.13"]
[Round "6.15"]
[White "Raghunandan, Kaumandur Srihari"]
[Black "Aravindh, Chithambaram VR."]
[Result "1-0"]
[WhiteTitle "IM"]
[BlackTitle "GM"]
[WhiteElo "2412"]
[BlackElo "2617"]
[WhiteFideId "25004964"]
[BlackFideId "5072786"]
[EventDate "2018.03.10"]

1. e4 g6 2. d4 Bg7 3. Nc3 d6 4. Be3 a6 5. Qd2 b5 6. f3 Bb7 7. a4 c6 8. h4 h5 9.
Nh3 Nd7 10. Ng5 Ngf6 11. f4 e5 12. dxe5 dxe5 13. f5 Qe7 14. fxg6 fxg6 15. Rd1
O-O 16. Qd6 Rfe8 17. Qxe7 Rxe7 18. Rh3 b4 19. Bc4+ Kh8 20. Nb1 c5 21. Rd6 Bxe4
22. Rxf6 Nxf6 23. Nxe4 Nxe4 24. Bd5 Rd8 25. Bxe4 Red7 26. Nd2 c4 27. Nxc4 Rd1+
28. Ke2 Ra1 29. a5 Rdd1 30. Bd2 1-0

[Event "8th HD Bank Cup 2018"]
[Site "Hanoi VIE"]
[Date "2018.03.13"]
[Round "6.16"]
[White "Bogdanovich, Stanislav"]
[Black "Pham, Chuong"]
[Result "0-1"]
[WhiteTitle "GM"]
[BlackTitle "IM"]
[WhiteElo "2560"]
[BlackElo "2393"]
[WhiteFideId "14115298"]
[BlackFideId "12401218"]
[EventDate "2018.03.10"]

1. d4 d5 2. c4 e6 3. Nc3 Be7 4. cxd5 exd5 5. Bf4 Nf6 6. e3 O-O 7. Bd3 c5 8. dxc5
Bxc5 9. Nge2 Nc6 10. O-O Bd6 11. Qa4 Bxf4 12. Qxf4 Be6 13. Rad1 Qe7 14. Bb1 Rad8
15. Rd2 Nh5 16. Qa4 Ne5 17. Rfd1 Qg5 18. Ng3 Nxg3 19. hxg3 Ng4 20. Qf4 Qh5 21.
f3 Qh2+ 22. Kf1 f5 23. Ke1 d4 24. Rxd4 Rxd4 25. exd4 Qg1+ 26. Kd2 Qf2+ 27. Kc1
Ne3 28. Rh1 h6 29. Bd3 Bc4 30. Rf1 Nxf1 31. Bxc4+ Kh8 32. Bxf1 Qxf1+ 33. Kc2 b5
34. Qd6 Rf6 35. Qe5 b4 36. Qe8+ Kh7 37. Ne2 Qxg2 38. Qe3 a5 39. Kb3 Qf1 40. Qd3
Qa1 41. a4 bxa3 42. bxa3 Kh8 43. Nc3 Qe1 44. d5 Qxg3 45. Nb5 Qf4 46. d6 a4+ 47.
Kc3 Re6 48. Qc4 Qxf3+ 49. Kb4 Re4 50. Nd4 Qf4 51. Kc5 Re8 52. Nc6 Qf2+ 53. Qd4
Qc2+ 54. Kb6 Rc8 55. Nb4 Rb8+ 56. Ka7 Qc8 57. Qd5 Qd8 58. Qc6 Rc8 59. Qb7 Rc5
60. Qb6 Qd7+ 61. Ka6 Rc8 62. Ka5 Ra8+ 63. Na6 Rd8 0-1

[Event "8th HD Bank Cup 2018"]
[Site "Hanoi VIE"]
[Date "2018.03.13"]
[Round "6.17"]
[White "Sammed Jaykumar, Shete"]
[Black "Lei, Tingjie"]
[Result "0-1"]
[BlackTitle "GM"]
[WhiteElo "2382"]
[BlackElo "2545"]
[WhiteFideId "5073421"]
[BlackFideId "8605114"]
[EventDate "2018.03.10"]

1. e4 c6 2. d4 d5 3. e5 c5 4. dxc5 e6 5. a3 Bxc5 6. b4 Bb6 7. Bb2 Ne7 8. Qg4 Ng6
9. Bd3 Nc6 10. Nf3 a5 11. b5 Nce7 12. h4 h5 13. Qg5 Bd7 14. a4 Qb8 15. O-O Bd8
16. Qd2 Nf5 17. g3 O-O 18. c4 Bb6 19. Kg2 Qd8 20. Bxf5 exf5 21. cxd5 f4 22. Na3
Bg4 23. Qd3 Qd7 24. Ng5 Bf5 25. Qd1 Nxe5 26. Bxe5 f6 27. Nc4 Bc5 28. Ne6 Bxe6
29. dxe6 Qxe6 30. Bxf4 Qxc4 31. Qxh5 b6 32. Qg6 Rae8 33. h5 Qd5+ 34. Kg1 Re2 35.
h6 Qf7 36. Qg4 Rfe8 37. Rad1 f5 38. Qxg7+ Qxg7 39. hxg7 R2e4 40. Bd6 Bd4 41. Kg2
Kxg7 42. Rc1 R8e6 43. Rc7+ Kg6 44. Rc6 Re2 45. Bf4 Kf7 46. Kf3 Ra2 47. Rc4 Re4
48. g4 Ra3+ 49. Be3 Bxe3 50. Rc7+ Re7 51. Rxe7+ Kxe7 52. Re1 fxg4+ 53. Kxg4
Rxa4+ 54. Kg3 Rb4 55. Rxe3+ Kf6 56. f4 a4 57. Kg4 Rxb5 58. Rd3 Rb1 59. Rd6+ Ke7
60. Rh6 a3 61. Rh7+ Kf6 62. Ra7 Ra1 63. Ra6 a2 64. Rxb6+ Ke7 65. Rb7+ Kd6 66.
Rb6+ Kc5 67. Ra6 Rg1+ 68. Kf5 a1=Q 69. Rxa1 Rxa1 70. Ke6 Kd4 0-1

[Event "8th HD Bank Cup 2018"]
[Site "Hanoi VIE"]
[Date "2018.03.13"]
[Round "6.18"]
[White "Sivuk, Vitaly"]
[Black "Taher, Yoseph Theolifus"]
[Result "1-0"]
[WhiteTitle "GM"]
[BlackTitle "FM"]
[WhiteElo "2526"]
[BlackElo "2375"]
[WhiteFideId "14116502"]
[BlackFideId "7105347"]
[EventDate "2018.03.10"]

1. d4 Nf6 2. c4 e6 3. g3 c5 4. d5 exd5 5. cxd5 d6 6. Nc3 g6 7. Bg2 Bg7 8. Nf3
O-O 9. O-O Re8 10. Bf4 Ne4 11. Nxe4 Rxe4 12. Nd2 Rxf4 13. gxf4 Bxb2 14. Rb1 Bg7
15. e4 Qh4 16. Qf3 Bh6 17. Qg3 Qxf4 18. Nc4 b6 19. Nxd6 Ba6 20. Rfe1 Qxg3 21.
hxg3 Bd3 22. Rbd1 Bc2 23. e5 Bxd1 24. Rxd1 Bf8 25. Nxf7 Kxf7 26. d6 Nc6 27. Bd5+
Kg7 28. Bxc6 Rd8 29. Bb5 Kf7 30. Bc4+ Ke8 31. Kg2 Kd7 32. a4 Kc6 33. f4 1-0

[Event "8th HD Bank Cup 2018"]
[Site "Hanoi VIE"]
[Date "2018.03.13"]
[Round "6.19"]
[White "Tran, Tuan Minh"]
[Black "Nguyen, Van Hai"]
[Result "1-0"]
[WhiteTitle "GM"]
[BlackTitle "IM"]
[WhiteElo "2522"]
[BlackElo "2335"]
[WhiteFideId "12401820"]
[BlackFideId "12400122"]
[EventDate "2018.03.10"]

1. d4 e6 2. c4 d5 3. Nc3 c5 4. cxd5 exd5 5. Nf3 Nc6 6. g3 Nf6 7. Bg2 Be7 8. O-O
O-O 9. Bg5 c4 10. Ne5 Be6 11. e3 Nd7 12. Nxc6 bxc6 13. Bxe7 Qxe7 14. e4 dxe4 15.
Bxe4 Qd6 16. d5 cxd5 17. Nxd5 Rad8 18. Nf4 Nf6 19. Bf3 Bf5 20. Qxd6 Rxd6 21.
Rfc1 Rb8 22. Rxc4 Rxb2 23. Re1 g6 24. Ra4 Rdd2 25. Re2 Rb1+ 26. Kg2 Rdd1 27. h3
Rh1 28. Ba8 g5 29. Re5 g4 30. hxg4 Rhg1+ 31. Kh3 Bxg4+ 32. Kh4 Bd7 33. Rxa7 h6
34. Nh3 Rgd1 35. Bf3 Rd3 36. Bg2 Rd4+ 37. Nf4 Rb2 38. Bh3 Rxf2 39. Bxd7 Rxd7 40.
Rxd7 Nxd7 41. Re2 Rf1 42. Kg4 Nf6+ 43. Kf5 Kg7 44. Ke5 Rf3 45. Rg2 Ra3 46. Kd4
Ra4+ 47. Kc3 Ne4+ 48. Kb3 Nc5+ 49. Kb2 Kf6 50. Rc2 Ne4 51. Kb3 Ra8 52. a4 Ke5
53. Ne2 f5 54. Rc6 h5 55. Ka3 Rg8 56. a5 Nxg3 57. Nxg3 Rxg3+ 58. Kb4 f4 59. a6
f3 60. Rc5+ Kf4 61. Rxh5 f2 62. Rh8 Ke3 63. Re8+ Kd2 64. Rf8 Rg4+ 65. Kb3 Rg3+
66. Kb4 Rg4+ 67. Kb3 Rg3+ 68. Kb2 Rg6 69. Rxf2+ Kd3 70. a7 Rg8 71. Kb3 Kd4 72.
Ra2 Ra8 73. Kb4 Kd5 1-0

[Event "8th HD Bank Cup 2018"]
[Site "Hanoi VIE"]
[Date "2018.03.13"]
[Round "6.20"]
[White "Xu, Yi"]
[Black "Vo, Thanh Ninh"]
[Result "1-0"]
[WhiteTitle "IM"]
[BlackTitle "IM"]
[WhiteElo "2499"]
[BlackElo "2370"]
[WhiteFideId "8605564"]
[BlackFideId "12402141"]
[EventDate "2018.03.10"]

1. e4 c5 2. Nf3 Nf6 3. e5 Nd5 4. Nc3 e6 5. Nxd5 exd5 6. d4 Nc6 7. dxc5 Bxc5 8.
Qxd5 Qb6 9. Bc4 Bxf2+ 10. Ke2 O-O 11. Rf1 Bc5 12. Ng5 Nd4+ 13. Kd1 Ne6 14. Ne4
d6 15. exd6 Bxd6 16. Nxd6 Rd8 17. Bf4 Bd7 18. Kc1 Be8 19. Qe5 Nxf4 20. Nxe8 Qh6
21. Qxf4 1-0

[Event "8th HD Bank Cup 2018"]
[Site "Hanoi VIE"]
[Date "2018.03.13"]
[Round "6.21"]
[White "Pena Gomez, Manuel"]
[Black "Chen, Qi b"]
[Result "0-1"]
[WhiteTitle "IM"]
[WhiteElo "2478"]
[BlackElo "2359"]
[WhiteFideId "2252813"]
[BlackFideId "8614733"]
[EventDate "2018.03.10"]

1. e4 e5 2. Nf3 Nc6 3. Bb5 Nf6 4. d3 Bc5 5. c3 O-O 6. O-O d6 7. Nbd2 a6 8. Ba4
b5 9. Bb3 h6 10. Re1 Re8 11. Nf1 d5 12. exd5 Nxd5 13. d4 Bf8 14. dxe5 Nb6 15.
Qxd8 Nxd8 16. Bc2 Bb7 17. Be4 Bxe4 18. Rxe4 Nc6 19. h4 Nc4 20. b3 N4xe5 21. Nxe5
Nxe5 22. Bf4 Ng4 23. Rxe8 Rxe8 24. Ne3 Nxe3 25. Bxe3 Bd6 26. a4 Re4 27. axb5
axb5 28. Ra8+ Kh7 29. Rb8 b4 30. c4 f5 31. Rb5 f4 32. Bd2 c5 33. Kf1 Rd4 34. Ke2
Re4+ 35. Kd1 f3 36. gxf3 Rxh4 37. Ke2 Rh1 38. Rb6 Bf8 39. Rb8 Be7 40. Rb7 Bf8
41. Rf7 Kg8 42. Rd7 h5 43. Bg5 h4 44. f4 h3 45. Rd3 h2 46. Rh3 Bd6 47. Kf3 Rg1
48. Rxh2 Rxg5 0-1

[Event "8th HD Bank Cup 2018"]
[Site "Hanoi VIE"]
[Date "2018.03.13"]
[Round "6.22"]
[White "Xu, Zhihang"]
[Black "Dao, Thien Hai"]
[Result "1/2-1/2"]
[WhiteTitle "FM"]
[BlackTitle "GM"]
[WhiteElo "2364"]
[BlackElo "2474"]
[WhiteFideId "8611572"]
[BlackFideId "12400084"]
[EventDate "2018.03.10"]

1. d4 d5 2. c4 c6 3. Nf3 Nf6 4. Nc3 e6 5. e3 Nbd7 6. Bd3 dxc4 7. Bxc4 b5 8. Bd3
Bb7 9. e4 b4 10. Na4 c5 11. dxc5 Qa5 12. a3 b3+ 13. Nc3 Bxe4 14. Bb5 Bxc5 15.
Ne5 O-O 16. Nxd7 Nxd7 17. Bxd7 Rad8 18. Qe2 Bc2 19. Qb5 Qc7 20. Bc6 Bd4 21. Ne2
Be5 22. O-O Bd3 23. Qxb3 Bxe2 24. Re1 Bxh2+ 25. Kh1 Bd6 26. Be4 Bc4 27. Qc2 f5
28. Bf3 e5 29. Bg5 Rc8 30. b3 Bb5 31. Qd2 e4 32. Rac1 Qd7 33. Qd5+ Kh8 34. Be2
Bxe2 35. Rxe2 Qe8 36. g4 Rxc1+ 37. Bxc1 Bb8 38. Qc5 h6 39. Kg1 Rf6 40. Bb2 Rf7
41. gxf5 Kh7 42. f6 Qd7 43. Qe3 Qg4+ 44. Kf1 gxf6 45. Qxe4+ Qxe4 46. Rxe4 Kg6
47. b4 Kf5 48. Re8 Be5 1/2-1/2

[Event "8th HD Bank Cup 2018"]
[Site "Hanoi VIE"]
[Date "2018.03.13"]
[Round "6.23"]
[White "Wang, Jue"]
[Black "Santiago, Yago De Moura"]
[Result "0-1"]
[WhiteTitle "WGM"]
[BlackTitle "GM"]
[WhiteElo "2354"]
[BlackElo "2473"]
[WhiteFideId "8604070"]
[BlackFideId "2103877"]
[EventDate "2018.03.10"]

1. e4 e6 2. d4 d5 3. Nc3 Nf6 4. e5 Nfd7 5. f4 c5 6. Nf3 Nc6 7. Be3 Be7 8. Qd2
O-O 9. dxc5 Qa5 10. O-O-O b6 11. Bb5 Nb4 12. a3 bxc5 13. Bxd7 Bxd7 14. axb4 cxb4
15. Nb1 Rfc8 16. Nd4 Qa2 17. Qd3 a5 18. f5 a4 19. f6 Bc5 20. Rhe1 a3 21. bxa3
bxa3 22. Qb3 Qa1 23. Qc3 Bxd4 24. Qxd4 Rxc2+ 25. Kxc2 Rc8+ 26. Nc3 Qb2+ 27. Kd3
Bb5+ 0-1

[Event "8th HD Bank Cup 2018"]
[Site "Hanoi VIE"]
[Date "2018.03.13"]
[Round "6.24"]
[White "Setyaki, Azarya Jodi"]
[Black "Liu, Guanchu"]
[Result "1/2-1/2"]
[WhiteTitle "FM"]
[BlackTitle "IM"]
[WhiteElo "2331"]
[BlackElo "2460"]
[WhiteFideId "7101589"]
[BlackFideId "8603901"]
[EventDate "2018.03.10"]

1. e4 e6 2. d4 d5 3. Nc3 Nf6 4. e5 Nfd7 5. f4 c5 6. Nf3 Nc6 7. Be3 a6 8. Qd2 Be7
9. Nd1 b5 10. c3 O-O 11. Bd3 b4 12. O-O a5 13. Nf2 Ba6 14. Bxa6 Rxa6 15. cxb4
axb4 16. dxc5 Bxc5 17. Rfc1 Bxe3 18. Qxe3 Ne7 19. Nd3 Qb8 20. Nd4 Qb6 21. b3
Rfa8 22. Rc2 h6 23. Qf2 f6 24. exf6 Nxf6 25. Ne5 Ne4 1/2-1/2

[Event "8th HD Bank Cup 2018"]
[Site "Hanoi VIE"]
[Date "2018.03.13"]
[Round "6.25"]
[White "Tokhirjonova, Gulrukhbegim"]
[Black "Raja, Harshit"]
[Result "1/2-1/2"]
[WhiteTitle "WGM"]
[BlackTitle "IM"]
[WhiteElo "2318"]
[BlackElo "2444"]
[WhiteFideId "14203626"]
[BlackFideId "5089000"]
[EventDate "2018.03.10"]

1. e4 c5 2. Nf3 d6 3. d4 cxd4 4. Nxd4 Nf6 5. Nc3 a6 6. Nb3 Nc6 7. Be3 Ng4 8. Bd2
g6 9. Nd5 Bg7 10. Be2 Nf6 11. Bc3 e6 12. Bxf6 Bxf6 13. Nxf6+ Qxf6 14. Qxd6 Qxb2
15. O-O Qe5 16. Qxe5 Nxe5 17. f4 Nc6 18. e5 g5 19. Bf3 Bd7 20. fxg5 Rg8 21. h4
Nxe5 22. Bxb7 Rb8 23. Bxa6 1/2-1/2

[Event "8th HD Bank Cup 2018"]
[Site "Hanoi VIE"]
[Date "2018.03.13"]
[Round "6.26"]
[White "Czebe, Attila"]
[Black "Nandhidhaa, PV"]
[Result "1/2-1/2"]
[WhiteTitle "GM"]
[BlackTitle "WIM"]
[WhiteElo "2436"]
[BlackElo "2261"]
[WhiteFideId "705268"]
[BlackFideId "5050847"]
[EventDate "2018.03.10"]

1. Nf3 Nf6 2. g3 d5 3. Bg2 e6 4. O-O Be7 5. d4 O-O 6. c4 c6 7. b3 Nbd7 8. Nc3 b6
9. Qc2 Ba6 10. Rd1 Qc8 11. Bg5 h6 12. Bxf6 Bxf6 13. e4 dxc4 14. bxc4 Bxc4 15.
Rac1 Ba6 16. h4 Bb7 17. g4 Qd8 18. g5 hxg5 19. e5 g4 20. Ng5 Bxg5 21. hxg5 Qxg5
22. Ne4 Qg6 23. Nd6 Qxc2 24. Rxc2 Rab8 25. Kh2 f6 26. Nxb7 Rxb7 27. Rxc6 fxe5
28. d5 Nf6 29. Rxe6 e4 30. d6 Kf7 31. Re5 Re8 32. Rxe8 Kxe8 33. Kg3 Kd7 34. Kf4
b5 35. Bxe4 Nxe4 36. Kxe4 Rb6 37. Rd5 Ra6 38. Rxb5 Rxa2 39. Rb7+ Kxd6 40. Rxg7 1/2-1/2

[Event "8th HD Bank Cup 2018"]
[Site "Hanoi VIE"]
[Date "2018.03.13"]
[Round "6.27"]
[White "Anand, Nadar"]
[Black "Li, Yankai"]
[Result "0-1"]
[WhiteTitle "FM"]
[WhiteElo "2262"]
[BlackElo "2434"]
[WhiteFideId "25009141"]
[BlackFideId "8609357"]
[EventDate "2018.03.10"]

1. d4 Nf6 2. Bf4 b6 3. Nf3 Bb7 4. e3 g6 5. Be2 Bg7 6. h3 d6 7. O-O O-O 8. a4 a6
9. Nbd2 c5 10. c3 Nbd7 11. Bh2 Qc7 12. Qb1 Rac8 13. Rd1 cxd4 14. exd4 Rfe8 15.
Qa2 Nd5 16. Bc4 N7f6 17. Bb3 b5 18. Re1 Rcd8 19. Ne4 Nxe4 20. Bxd5 Bxd5 21. Qxd5
Nf6 22. Qb3 Rb8 23. axb5 axb5 24. Ra6 Qb7 25. Rea1 Ra8 26. Rxa8 Rxa8 27. Rxa8+
Qxa8 28. Bg3 Qa1+ 29. Kh2 Qa4 30. Qxa4 bxa4 31. Bf4 Nd7 32. Bc1 e5 33. dxe5 dxe5
34. Ne1 f5 35. Nd3 Nb6 0-1

[Event "8th HD Bank Cup 2018"]
[Site "Hanoi VIE"]
[Date "2018.03.13"]
[Round "6.28"]
[White "Llaneza Vega, Marcos"]
[Black "Sharma, Dinesh K."]
[Result "1-0"]
[WhiteTitle "IM"]
[BlackTitle "IM"]
[WhiteElo "2430"]
[BlackElo "2247"]
[WhiteFideId "2253585"]
[BlackFideId "5004110"]
[EventDate "2018.03.10"]

1. e4 e6 2. b3 a5 3. Nf3 a4 4. bxa4 Rxa4 5. d4 Ra8 6. Bd3 d5 7. exd5 exd5 8. O-O
Be7 9. Re1 Bg4 10. h3 Bh5 11. Bg5 Kf8 12. Bf4 Bd6 13. Bxd6+ Qxd6 14. c4 Nc6 15.
g4 Bg6 16. Nc3 Nge7 17. Nb5 Qd7 18. Bxg6 hxg6 19. Ng5 Kg8 20. Qf3 Rf8 21. Rad1
Nd8 22. cxd5 Nxd5 23. Nc3 Nxc3 24. Qxc3 f6 25. Qb3+ Nf7 26. Ne6 Rb8 27. Nc5 Qd8
28. Re3 b6 29. Na6 Ra8 30. Rde1 Kf8 31. Qb4+ Nd6 32. Re8+ Qxe8 33. Rxe8+ Kxe8
34. Nxc7+ 1-0

[Event "8th HD Bank Cup 2018"]
[Site "Hanoi VIE"]
[Date "2018.03.13"]
[Round "6.29"]
[White "Abhishek, Kelkar"]
[Black "Deepan, Chakkravarthy J."]
[Result "0-1"]
[WhiteTitle "IM"]
[BlackTitle "GM"]
[WhiteElo "2370"]
[BlackElo "2520"]
[WhiteFideId "5019257"]
[BlackFideId "5011132"]
[EventDate "2018.03.10"]

1. d4 Nf6 2. c4 g6 3. Nc3 Bg7 4. e4 d6 5. Be2 O-O 6. Be3 Na6 7. h4 h5 8. Qd2 c5
9. d5 Nc7 10. f3 b5 11. Nh3 Bxh3 12. gxh3 bxc4 13. f4 Rb8 14. Bf3 Nb5 15. Rg1
Nd4 16. Bh1 Nd7 17. Rb1 Qa5 0-1

[Event "8th HD Bank Cup 2018"]
[Site "Hanoi VIE"]
[Date "2018.03.13"]
[Round "6.30"]
[White "Gara, Ticia"]
[Black "Nguyen, Anh Dung"]
[Result "1/2-1/2"]
[WhiteTitle "WGM"]
[BlackTitle "GM"]
[WhiteElo "2357"]
[BlackElo "2491"]
[WhiteFideId "717444"]
[BlackFideId "12400025"]
[EventDate "2018.03.10"]

1. Nf3 c5 2. c4 Nc6 3. d4 cxd4 4. Nxd4 g6 5. e4 Bg7 6. Be3 Nf6 7. Nc3 O-O 8. Be2
d6 9. O-O Bd7 10. Re1 Nxd4 11. Bxd4 Bc6 12. Bd3 a5 13. Nd5 e6 14. Nxf6+ Bxf6 15.
Bxf6 Qxf6 16. Qd2 Rfd8 17. Rad1 Qe5 18. Re3 b5 19. cxb5 Bxb5 20. Bxb5 Qxb5 21.
Rb3 Qc4 22. e5 dxe5 23. Qxd8+ Rxd8 24. Rxd8+ Kg7 25. h3 Qc1+ 26. Kh2 Qf4+ 27.
Kg1 Qc1+ 1/2-1/2

[Event "8th HD Bank Cup 2018"]
[Site "Hanoi VIE"]
[Date "2018.03.13"]
[Round "6.31"]
[White "Dang, Hoang Son"]
[Black "Dimakiling, Oliver"]
[Result "1/2-1/2"]
[WhiteTitle "FM"]
[BlackTitle "IM"]
[WhiteElo "2317"]
[BlackElo "2441"]
[WhiteFideId "12402435"]
[BlackFideId "5202248"]
[EventDate "2018.03.10"]

1. d4 Nf6 2. c4 b6 3. Nf3 Bb7 4. g3 g6 5. Bg2 Bg7 6. Nc3 O-O 7. O-O Ne4 8. Qc2
Nxc3 9. Qxc3 c5 10. Be3 Bxf3 11. Bxf3 Nc6 12. Bxc6 dxc6 13. Rfd1 Qc8 14. Qc2
cxd4 15. Bxd4 e5 16. Bc3 Qg4 17. b3 b5 18. f3 Qe6 19. Bb4 Rfc8 20. Rac1 h5 21.
Bc5 Bh6 22. e3 a5 23. Kg2 Rd8 24. Bb6 Rxd1 25. Rxd1 a4 26. e4 axb3 27. axb3 bxc4
28. bxc4 Kg7 29. Bc5 h4 30. gxh4 Bf4 31. Rd6 Qc8 32. Bf2 Ra1 33. Rd1 Ra3 34. Bg3
Bxg3 35. hxg3 Qa6 1/2-1/2